Afyka-góry - Statystyki

Ogólne statystyki
  • Ten quiz został rozwiązany 86 razy
  • Średni wynik to 4 z 8
Statystyki odpowiedzi
góry Odpowiedź % Poprawnych
góry Atlas
97%
góry Smocze
82%
góry Przylądkowe
53%
góry Tibesti
37%
góry ahaggar
35%
góry Adamawa
19%
góry darfur
19%
góry mitumba
13%
Nie znaleziono quizów pasujących do podanych kryteriów
Rozkład punktacji
Procent ludzi z każdym wynikiem
Percentyl według liczby udzielonych odpowiedzi
Twoja historia wyników
Nie rozwiązałeś tego quizu